Fuentes para la historia de la Unión General de Trabajadores / (Record no. 12783)

MARC details
000 -LEADER
campo de control de longitud fija 00821nam a2200253 i 4500
001 - NÚMERO DE CONTROL
campo de control 12783
003 - IDENTIFICADOR DE NÚMERO DE CONTROL
campo de control ES-MaACL
005 - FECHA Y HORA DE LA ÚLTIMA TRANSACCIÓN
campo de control 20230906150410.0
007 - CAMPO FIJO DE DESCRIPCIÓN FÍSICA--INFORMACIÓN GENERAL
campo de control de longitud fija t|
008 - DATOS DE LONGITUD FIJA--INFORMACIÓN GENERAL
campo de control de longitud fija 900625s1988 sp b |||| | spa j
020 ## - NÚMERO INTERNACIONAL ESTÁNDAR DEL LIBRO
Número Internacional Estándar del Libro 84-85691-46-6
080 ## - NÚMERO DE LA CLASIFICACIÓN DECIMAL UNIVERSAL
Número de la Clasificación Decimal Universal 016:331.105.44(460)(093)
080 ## - NÚMERO DE LA CLASIFICACIÓN DECIMAL UNIVERSAL
Número de la Clasificación Decimal Universal 331.105.44(460)(093):016
100 1# - ENTRADA PRINCIPAL--NOMBRE DE PERSONA
Nombre de persona Martín Nájera, Aurelio.
9 (RLIN) 77584
245 10 - MENCIÓN DEL TÍTULO
Título Fuentes para la historia de la Unión General de Trabajadores /
Mención de responsabilidad, etc. por Aurelio Martín Nájera y Antonio González Quintana.
250 ## - MENCION DE EDICION
Mención de edición 1ª ed.
260 ## - PUBLICACIÓN, DISTRIBUCIÓN, ETC.
Lugar de publicación, distribución, etc. Madrid :
Nombre del editor, distribuidor, etc. Pablo Iglesias,
Fecha de publicación, distribución, etc. 1988.
300 ## - DESCRIPCIÓN FÍSICA
Extensión XX, 628 p. ;
Dimensiones 25 cm.
500 ## - NOTA GENERAL
Nota general Índices.
504 ## - NOTA DE BIBLIOGRAFÍA, ETC.
Nota de bibliografía, etc. Bibliografía: p. 625.
610 2# - PUNTO DE ACCESO ADICIONAL DE MATERIA--NOMBRE DE ENTIDAD CORPORATIVA
Nombre de entidad corporativa o nombre de jurisdicción como elemento de entrada UGT-
Subdivisión de forma Historia-
-- Fuentes-
-- Bibliografías.
9 (RLIN) 7031
700 1# - ENTRADA AGREGADA--NOMBRE PERSONAL
Nombre de persona González Quintana, Antonio.
9 (RLIN) 58892
852 ## - LOCALIZACIÓN
Ubicación ES-MaACL
Número de control de estantería L-20003
Holdings
Estatus retirado Estado de pérdida Estado de daño No para préstamo Biblioteca de origen Biblioteca actual Ubicación en estantería Fecha de adquisición Fuente de adquisición Total de préstamos Signatura topográfica completa Código de barras Visto por última vez Precio de reemplazo Tipo de ítem Koha
        Biblioteca del Ateneo de Madrid Biblioteca del Ateneo de Madrid Depósito 2 17/01/2008     L-20003 1013021 23/02/2023 23/02/2023 Libro impreso